Quiz sur la Patagonie - Statistiques

Statistiques générales
  • Ce quiz a été pris 31 fois
  • Le résultat moyen est 6 sur 10
Statistiques - réponses
Description Réponse % Correct
Pays faisant partie de la Patagonie Argentine
96%
Pays faisant partie de la Patagonie Chili
96%
Massif montagneux par lequel ces deux pays sont séparés Cordillère des Andes
81%
Capitale de la Terre de Feu, ayant eu droit à son émission avec Nicolas Hulot Ushuaïa
70%
Cap, point le plus austral de l’Amérique du Sud Cap Horn
59%
Oiseau symbolique des Andes et de Patagonie Condor des Andes
59%
Ecrivain français qui publia "Vol de nuit" à la suite de son voyage en Patagonie Antoine de Saint-Exupéry
52%
Naturaliste britannique ayant réalisé de nombreuses observations en Patagonie Charles Darwin
48%
Peuple autochtone ayant vécu en Patagonie Hets,Tehuelches, Mapuches, Gauchos
30%
Point culminant de Patagonie Volcan Domuyo
7%
Aucun quiz correspondant
Distribution des résultats
% des personnes avec chaque résultat
Percentile par nombre de réponses
Votre historique - résultats
Vous n’avez pas pris ce quiz